Top 10 municipios de Cataluña más independentistas - Estadísticas

Estadísticas generales
  • Esta prueba ha sido intentada 122 veces
  • La puntuación promedio es 3 de 10
Estadísticas de respuestas
% de independentistas Municipio % Correcto
70,9 Vic
79%
70 Ripoll
74%
69,3 Olot
62%
71,7 Berga
44%
76,8 Banyoles
31%
67,3 Tàrrega
17%
70,7 Torelló
16%
71 Santa Coloma de Farners
12%
67,3 La Bisbal d'Empordà
9%
70,4 Cassà de la Selva
2%
No se encontraron pruebas coincidentes
Distribución de puntuación
Porcentaje de gente con cada puntuación
Porcentaje por número respondido
Historial de tus puntuaciones
No has intentado esta prueba.